000 01627nam0a2200349 4500
001 RU\NLR\bibl\50690
005 20250616083843.0
010 _a5-7310-1027-7
_9300
021 _aRU
_b99-28382
_91381
035 _a(NLR Aleph) 000049420
090 _a263843
_c263843
100 _a19991004d1999 |||y0rusy50 ca
101 0 _arus
102 _aRU
105 _aa |||||||||
200 1 _aМаркетинг взаимодействия: Интеграция. Координация. Контроллинг и аудит
_eУчеб. пособие
_fГ.Л. Багиев, И.А. Жданов
_gМ-во общ. и проф. образования Рос. Федерации, С.-Петерб. гос. ун-т экономики и финансов. Каф. маркетинга
210 _aСПб.
_cИзд-во СПбГУЭФ
_d1999
215 _a110 с.
_cсхем.
_d20
320 _aБиблиогр.: с. 100-109
606 0 _aМаркетинг взаимодействия
_jРуководства, пособия и т.п.
_92116768
_3RU\NLR\auth\661278682
606 0 _aМаркетинг взаимодействия
_jУчебные издания
_92116768
_3RU\NLR\auth\661278682
686 _aУ5-361.4я7
700 1 _4070
_7ca
_8rus
_aБагиев
_bГ. Л.
_f1941-
_gГеоргий Леонидович
_9191064
_3RU\NLR\AUTH\770191115
701 1 _aЖданов
_bИ. А.
_gИван Алексеевич
_4070
801 0 _aRU
_bNLR
_c19991004
_gPSBO
801 1 _aRU
_bNLR
_c19991004
830 _aАвт. по кн.
852 _aNLR
_j99-3/11758
942 _cBOOK
980 _aNB